Marketing para Emprender

Bibliographic Details
Main Author: Schnarch Kirbergy, Alejandro
Format: eBook
Language:Spanish
Published: Bogot:̀ Ediciones de la U, 2019
Subjects:
Online Access:Acceso restringido

MARC

LEADER 00000nam a22000007a 4500
005 20191118134426.0
007 cr|||| ||||
008 191118s2019 co |||||s|||| 00||0 spa d
020 |a 978-958-792-044-4 
035 |a 30683 
040 |a vLex 
090 |c 10042  |d 10042 
100 1 |a Schnarch Kirbergy, Alejandro 
245 1 0 |a Marketing para Emprender  |h [Recurso electrn̤ico] /  |c Alejandro Schnarch Kirbergy 
256 |a Servicio en ln̕ea 
260 |a Bogot:̀  |b Ediciones de la U,  |c 2019 
300 |a 1 recurso electrn̤ico 
506 1 |a Disponible solo en los productos indicados  |d vLex Global  |d vLex Global (Academic Edition, excluding Law Schools)  |d vLex Global (U.S. Academic Edition, Law Schools)  |d vLex Global (U.S. Academic Edition, excluding Law Schools)  |d vLex Global (Academic Edition, Law Schools) 
650 0 4 |a Marketing  |z Colombia 
740 0 |a vLex Libros (Servicio en ln̕ea) 
856 4 0 |u http://vlex.com/source/marketing-emprender-30683  |z Acceso restringido 
942 |c BOOK 
999 0 |a Marketing